[Event "22nd ECCC Women 2017"]
[Site "Antalya"]
[Date "2017.10.14"]
[Round "7"]
[White "Arda, Cagil Irmak"]
[Black "Sade, Defne"]
[Result "1/2-1/2"]
[WhiteElo "2040"]
[BlackElo "1951"]
[Annotator "NA"]
[PlyCount "69"]
[EventType "team-tourn"]
[EventCountry "TUR"]
[SourceTitle "playchess.com"]
[Source "ChessBase"]
[SourceQuality "1"]
[WhiteTeam "Anatolia"]
[BlackTeam "Aegean"]
[TimeControl "40/5400+30:1800+30"]

1. e4 {[%emt 0:00:30]} e5 {[%emt 0:01:00]} 2. Nf3 {[%emt 0:00:30]} Nc6 {[%emt 0:00:30]} 3. Bc4 {[%emt 0:00:00]} Bc5 {[%emt 0:00:00]} 4. d3 {[%emt 0:00:00]} Nf6 {[%emt 0:00:00]} 5. O-O {[%emt 0:00:30]} d6 {[%emt 0:00:30]} 6. c3 {[%emt 0:00:30]} a6 {[%emt 0:00:30]} 7. a4 {[%emt 0:00:00]} Ba7 {[%emt 0:00:00]} 8. h3 {[%emt 0:00:00]} h6 {[%emt 0:00:00]} 9. Re1 {[%emt 0:00:30]} O-O {[%emt 0:00:30]} 10. b4 {[%emt 0:00:30]} Be6 {[%emt 0:00:30]} 11. Bxe6 {[%emt 0:00:30]} fxe6 {[%emt 0:00:30]} 12. Nbd2 {[%emt 0:00:00]} Nh5 {[%emt 0:00:30]} 13. Nf1 {[%emt 0:01:00]} Qf6 {[%emt 0:03:30]} 14. Be3 {[%emt 0:05:30]} Ne7 {[%emt 0:03:30]} 15. Ra2 {[%emt 0:02:30]} Ng6 {[%emt 0:02:30]} 16. Bxa7 {[%emt 0:13:30]} Rxa7 {[%emt 0:00:00]} 17. Re3 {[%emt 0:00:30]} Nhf4 {[%emt 0:08:00]} 18. Kh2 {[%emt 0:03:30]} d5 {[%emt 0:03:30]} 19. g3 {[%emt 0:09:30]} d4 {[%emt 0:09:30]} 20. cxd4 {[%emt 0:00:30]} exd4 {[%emt 0:00:30]} 21. e5 {[%emt 0:00:30]} Qf5 {[%emt 0:05:30]} 22. g4 {[%emt 0:00:30]} Qf7 {[%emt 0:01:30]} 23. Nxd4 {[%emt 0:11:30]} Qd7 {[%emt 0:02:30]} 24. Re4 {[%emt 0:05:30]} Nxe5 {[%emt 0:03:30]} 25. Qb3 {[%emt 0:04:30]} Qd6 {[%emt 0:10:30]} 26. Ng3 {[%emt 0:08:30]} Kh8 {[%emt 0:18:30]} 27. Rc2 {[%emt 0:12:30]} Raa8 {[%emt 0:15:36]} 28. Qc3 {[%emt 0:05:07]} Nfxd3 {[%emt 0:00:41]} 29. Nxe6 {[%emt 0:01:57]} Qxe6 {[%emt 0:06:25]} 30. Qxd3 {[%emt 0:00:30]} Nxd3 {[%emt 0:00:00]} 31. Rxe6 {[%emt 0:00:11]} Nxb4 {[%emt 0:00:00]} 32. Rxc7 {[%emt 0:00:23]} Rxf2+ {[%emt 0:00:42]} 33. Kg1 {[%emt 0:00:06]} Ra2 {[%emt 0:03:41]} 34. Rxb7 {[%emt 0:00:52]} Nd5 {[%emt 0:00:20]} 35. Re4 {[%emt 0:09:57]} 1/2-1/2

[Event "22nd ECCC Women 2017"]
[Site "Antalya"]
[Date "2017.10.16"]
[Round "7"]
[White "Kaplan, Ebru"]
[Black "Ushenina, Anna"]
[Result "0-1"]
[WhiteElo "2001"]
[BlackElo "2445"]
[Annotator "TA"]
[PlyCount "100"]
[EventType "team-tourn"]
[EventCountry "TUR"]
[SourceTitle "playchess.com"]
[Source "ChessBase"]
[SourceQuality "1"]
[WhiteTeam "Mediterranean"]
[BlackTeam "UGRA"]

{[%evp 13,100,-6,-6,-16,-8,-15,0,0,10,0,14,0,8,0,0,0,12,12,14,7,10,9,12,-43,-19,-57,-62,-75,-75,-81,-62,-62,-51,-58,-67,-69,-62,-62,-67,-63,-52,-62,-15,-49,-28,-53,-37,-47,-39,-45,44,-80,0,-100,-78,-86,-36,-56,0,-68,79,-120,86,-102,-97,-100,-18,-117,-120,-127,-78,-122,-116,-138,-142,-151,-146,-169,-161,-225,0,-58,-54,-847,-835,-847,-847,-29998,-29999]} 1. e4 c5 2. Nf3 e6 3. d4 cxd4 4. Nxd4 Nc6 5. Nc3 Qc7 6. f4 a6 7. Nf3 b5 8. a3 {B47: Sicilian: Taimanov: 5 Nc3 Qc7 6 f4, 6 g3 and 6 Be2} (8. Bd3 Bb7 9. a4 b4 10. Ne2 Nf6 11. Ng3 h5 12. e5 h4 13. Ne4 Nxe4 14. Bxe4 Ne7 15. Bxb7 Qxb7 {0-1 (67) Romero Holmes,A (2451)-Landa,K (2624) Linares 2015}) 8... Bb7 9. Bd3 d6 10. O-O {The position is equal.} Nf6 11. Qe1 Be7 12. Kh1 b4 $146 ({Predecessor:} 12... O-O 13. b4 e5 14. Nd5 Nxd5 15. exd5 Nd4 16. fxe5 Nxf3 17. Qe4 g6 18. Qxf3 dxe5 19. Bh6 f5 20. Bxf8 Rxf8 {0-1 (48) Trkulja,G (2293)-Boskovic,D (2402) Zenica 2003}) 13. axb4 Nxb4 14. Qg3 Nxd3 15. cxd3 O-O 16. Be3 Kh8 17. Rfc1 {And now Nd5 would win.} Qd8 18. e5 (18. Kg1 $11) 18... Nd5 19. Bd4 dxe5 $1 20. Bxe5 {[%csl Ge5][%cal Rg3g7]} f6 21. Nxd5 Bxd5 22. Bc3 Bd6 23. Qg4 Qb8 24. f5 exf5 25. Qxf5 Qb7 26. Ra4 Rae8 27. Rh4 {[%csl Gh4][%cal Rf5h7]} Bg8 28. Rg1 Qf7 29. Rh3 Qe6 30. Qh5 Qd5 31. Qg6 Re3 (31... Bb8 $15) 32. Rd1 (32. Rh5 $1 $14 {is the one way to stay ahead.} Bc7 33. Nh4) 32... Qe6 (32... Be7 $17) 33. Qh5 (33. Rh5 $11 {keeps the balance.} Bf4 34. Nh4) 33... Re8 34. Rh4 Qd5 35. Qg6 Qb7 (35... Bf8 $15) 36. Rf1 (36. Rh5 $11) 36... a5 (36... Qe7 $1 $15 {keeps the upper hand.}) 37. Qf5 $2 (37. Rh5 $1 $16 Rf8 38. Bd4) 37... Re2 $2 (37... Bb4 $17 {keeps the pressure on.} 38. Bxb4 axb4) 38. Rg1 $2 (38. Rh5 $1 $16 {is necessary to keep the advantage. Threatens to win with Nh4.} Qc8 39. Qxf6 $1 {[%mdl 512]}) 38... Bb4 $1 $17 39. h3 Qe7 ({Black should play} 39... Bxc3 $17 40. bxc3 Qc7) 40. Nd4 {[#]} (40. Rh5 $11 Qe6 41. Qxe6 Bxe6 42. Nd4) 40... Re5 $1 $36 {[%cal Re5f5][%mdl 2048] Black is in control.} 41. Qf2 Qc5 42. Qd2 Re3 43. Rc1 Qg5 44. Rg4 Qh6 45. Kg1 Bc5 46. Bxa5 (46. Rf1 {keeps fighting.}) 46... f5 $2 (46... Qh5 $19 {Strongly threatening ...Bxd4.} 47. Qc3 {[#]} Rxh3 $1 {[%mdl 512]} 48. gxh3 Qxh3) 47. Rxc5 (47. Nxf5 $11 Re1+ 48. Kh2 Bg1+ 49. Kh1 Qxd2 50. Bxd2 Rxc1 51. Bxc1) 47... fxg4 $15 48. hxg4 $2 {[%mdl 8192]} (48. Nf5 $15 Re1+ 49. Qxe1 Rxe1+ 50. Bxe1) 48... Qd6 $19 49. Qc3 {[#]} Re1+ $1 {[%mdl 512]} 50. Kf2 (50. Qxe1 Rxe1+) 50... Qf4+ {Precision: White = 33%, Black = 44%.} 0-1

[Event "22nd ECCC Women 2017"]
[Site "Antalya"]
[Date "2017.10.14"]
[Round "7"]
[White "Ozbay, Ece"]
[Black "Balajayeva, Khanim"]
[Result "0-1"]
[WhiteElo "1998"]
[BlackElo "2319"]
[Annotator "NA"]
[PlyCount "72"]
[EventType "team-tourn"]
[EventCountry "TUR"]
[SourceTitle "playchess.com"]
[Source "ChessBase"]
[SourceQuality "1"]
[WhiteTeam "Marmara"]
[BlackTeam "Odlar Yurdu"]
[TimeControl "40/5400+30:1800+30"]

1. e4 {[%emt 0:00:30]} e5 {[%emt 0:01:00]} 2. Nf3 {[%emt 0:00:30]} Nc6 {[%emt 0:00:00]} 3. Bb5 {[%emt 0:00:00]} Nge7 {[%emt 0:00:00]} 4. O-O {[%emt 0:02:00]} g6 {[%emt 0:00:00]} 5. c3 {[%emt 0:00:00]} a6 {[%emt 0:00:00]} 6. Ba4 {[%emt 0:03:00]} Bg7 {[%emt 0:00:30]} 7. d4 {[%emt 0:03:30]} exd4 {[%emt 0:00:00]} 8. cxd4 {[%emt 0:00:30]} b5 {[%emt 0:00:00]} 9. Bb3 {[%emt 0:07:30]} O-O {[%emt 0:00:30]} 10. a3 {[%emt 0:01:30]} d6 {[%emt 0:05:30]} 11. h3 {[%emt 0:00:30]} Bb7 {[%emt 0:02:30]} 12. Nc3 {[%emt 0:00:30]} Na5 {[%emt 0:00:30]} 13. Ba2 {[%emt 0:05:30]} c5 {[%emt 0:04:30]} 14. dxc5 {[%emt 0:10:30]} dxc5 {[%emt 0:00:30]} 15. Qxd8 {[%emt 0:00:30]} Rfxd8 16. Bg5 {[%emt 0:00:30]} Re8 {[%emt 0:13:00]} 17. Rfd1 {[%emt 0:05:30]} h6 {[%emt 0:12:30]} 18. Be3 {[%emt 0:08:30]} b4 {[%emt 0:07:30]} 19. axb4 {[%emt 0:10:30]} cxb4 {[%emt 0:00:30]} 20. Na4 {[%emt 0:00:30]} Bxe4 {[%emt 0:04:30]} 21. Nb6 {[%emt 0:04:30]} Rad8 {[%emt 0:09:30]} 22. Rxd8 {[%emt 0:01:30]} Rxd8 {[%emt 0:00:30]} 23. Bxf7+ {[%emt 0:00:00]} Kxf7 {[%emt 0:00:00]} 24. Rxa5 {[%emt 0:00:00]} Bxb2 {[%emt 0:03:00]} 25. Nc4 {[%emt 0:02:30]} Bxf3 {[%emt 0:06:30]} 26. Nxb2 {[%emt 0:04:30]} Be2 {[%emt 0:00:30]} 27. Bxh6 {[%emt 0:05:30]} Rc8 {[%emt 0:03:30]} 28. Ra4 {[%emt 0:07:11]} Nd5 {[%emt 0:00:30]} 29. Ra5 {[%emt 0:00:38]} Bb5 {[%emt 0:02:30]} 30. Ra1 {[%emt 0:01:18]} Rc2 {[%emt 0:01:30]} 31. Nd1 {[%emt 0:00:29]} b3 {[%emt 0:04:30]} 32. Rc1 {[%emt 0:00:28]} a5 {[%emt 0:01:18]} 33. Rb1 {[%emt 0:03:52]} a4 {[%emt 0:00:34]} 34. Bc1 {[%emt 0:01:02]} Be2 {[%emt 0:01:42]} 35. Ne3 {[%emt 0:03:50]} Rxc1+ {[%emt 0:03:39]} 36. Rxc1 {[%emt 0:00:30]} Nxe3 {[%emt 0:00:02]} 0-1

[Event "22nd ECCC Women 2017"]
[Site "Antalya"]
[Date "2017.10.16"]
[Round "7"]
[White "Sahin, Handenur"]
[Black "Atalik, Ekaterina"]
[Result "0-1"]
[WhiteElo "1960"]
[BlackElo "2468"]
[Annotator "TA"]
[PlyCount "98"]
[EventType "team-tourn"]
[EventCountry "TUR"]
[SourceTitle "playchess.com"]
[Source "ChessBase"]
[SourceQuality "1"]
[WhiteTeam "Aegean"]
[BlackTeam "Anatolia"]

{[%evp 23,98,0,0,-3,0,0,0,-25,0,-49,-56,-63,-48,-19,-11,-120,-48,-47,-23,-44,-5,-36,-39,-102,-106,-150,-150,-139,-139,-143,-151,-308,-308,-308,-308,-318,-312,-318,-316,-308,-301,-288,-279,-372,-371,-358,-318,-362,-352,-345,-318,-342,0,-318,-318,-318,-318,-387,-368,-376,-377,-433,-421,-646,-641,-710,-710,-710,-681,-691,-675,-610,-620,-703,-693,-666,-656]} 1. e4 c6 2. d4 d5 3. Nc3 dxe4 4. Nxe4 Bf5 5. Ng3 Bg6 6. h4 {[%cal Bh2h4,Bh4h5][%mdl 32]} h6 7. Nf3 e6 8. h5 Bh7 9. Bd3 Bxd3 10. Qxd3 Nf6 11. Bd2 Be7 12. O-O-O O-O 13. Ne5 {B19: Classical Caro-Kann: 4...Bf5 main line} (13. Ne4 Nxe4 14. Qxe4 Qd5 15. Qxd5 cxd5 16. g4 Nc6 17. c3 Rac8 18. Rdg1 f6 19. Bf4 e5 20. Be3 Bd6 {0-1 (44) Savchenko,B (2585)-Popov,I (2609) Sochi 2017}) 13... c5 14. dxc5 Qc7 15. Qe2 {The position is equal.} Qxc5 16. Nd3 Qc4 17. Kb1 $146 ({Predecessor:} 17. b3 Qc7 18. Qe5 Rc8 19. Qxc7 Rxc7 20. Bf4 Rc8 {0-1 (75) Bodnaruk,A (2446)-Nechaeva,M (2395) Riga 2017}) 17... Nc6 {White must now prevent ...Nd4.} 18. b3 Qa6 {...Nd4 is the strong threat.} 19. Nb2 {[#]} (19. Bc3 $1 $11) 19... Qxe2 (19... b5 $1 $17 20. c3 Rfd8) 20. Nxe2 $15 Rfd8 21. f3 Rd7 22. Nd3 Rad8 23. Nc3 ({Better is} 23. g4 $15) 23... Nb4 $17 24. Bf4 Nxd3 25. cxd3 Rxd3 26. Rxd3 Rxd3 27. Kc2 $2 {[#]} (27. Ne4 $17) 27... Rxc3+ $1 $19 {[%mdl 512]} 28. Kxc3 {[%mdl 4096] Endgame KRB-KBN} Nd5+ 29. Kd4 Nxf4 30. g4 Kf8 31. Ke4 Nd5 32. Rc1 {Threatens to win with Rc8+.} Ke8 33. Rc2 Kd7 34. Rd2 Bb4 35. Rd4 Bd6 36. Rd2 Ne7 37. Rg2 Nd5 38. Rd2 b5 39. Kd4 a5 40. a4 bxa4 41. bxa4 Bb4 42. Ra2 Kd6 {Black is clearly winning.} 43. Kd3 (43. Re2 $142) 43... Ke5 44. Ra1 Kf4 45. Ke2 Nc3+ 46. Kf2 e5 47. Kg2 f6 48. Rc1 e4 49. fxe4 Kxg4 {Precision: White = 23%, Black = 83%.} 0-1

[Event "22nd ECCC Women 2017"]
[Site "Antalya"]
[Date "2017.10.14"]
[Round "7"]
[White "Brusilovski, Lena"]
[Black "Voit, Daria"]
[Result "0-1"]
[WhiteElo "1881"]
[BlackElo "2387"]
[Annotator "NA"]
[PlyCount "56"]
[EventType "team-tourn"]
[EventCountry "TUR"]
[SourceTitle "playchess.com"]
[Source "ChessBase"]
[SourceQuality "1"]
[WhiteTeam "Beer Sheva"]
[BlackTeam "Legacy Square Capital"]
[TimeControl "40/5400+30:1800+30"]

1. e4 {[%emt 0:00:30]} c5 {[%emt 0:01:00]} 2. Nf3 {[%emt 0:01:30]} d6 {[%emt 0:00:30]} 3. d4 {[%emt 0:01:30]} cxd4 {[%emt 0:00:00]} 4. Nxd4 {[%emt 0:00:30]} Nf6 {[%emt 0:00:00]} 5. Nc3 {[%emt 0:01:30]} a6 {[%emt 0:00:30]} 6. Bg5 {[%emt 0:03:30]} e6 {[%emt 0:01:30]} 7. f4 {[%emt 0:01:30]} Be7 {[%emt 0:00:30]} 8. Qf3 {[%emt 0:02:30]} Nbd7 {[%emt 0:00:30]} 9. g4 {[%emt 0:02:30]} h6 {[%emt 0:04:30]} 10. Bxf6 {[%emt 0:01:30]} Bxf6 {[%emt 0:02:30]} 11. O-O-O {[%emt 0:02:30]} g5 {[%emt 0:03:30]} 12. f5 {[%emt 0:02:30]} Ne5 {[%emt 0:03:30]} 13. Qg3 {[%emt 0:02:30]} Bd7 {[%emt 0:04:30]} 14. Be2 {[%emt 0:03:30]} b5 {[%emt 0:02:30]} 15. fxe6 {[%emt 0:04:30]} fxe6 {[%emt 0:00:30]} 16. Rhf1 {[%emt 0:01:30]} O-O {[%emt 0:01:30]} 17. Nb1 {[%emt 0:11:30]} Rc8 {[%emt 0:09:30]} 18. Qb3 {[%emt 0:02:30]} Nc4 {[%emt 0:03:30]} 19. Bxc4 {[%emt 0:04:30]} Rxc4 {[%emt 0:01:30]} 20. Nf3 {[%emt 0:02:30]} Rxe4 {[%emt 0:19:30]} 21. Rxd6 {[%emt 0:02:30]} Be5 {[%emt 0:00:30]} 22. Qd3 {[%emt 0:04:30]} Bxd6 {[%emt 0:02:30]} 23. Qxe4 {[%emt 0:00:30]} Bf4+ {[%emt 0:00:30]} 24. Nbd2 {[%emt 0:01:30]} Qf6 {[%emt 0:01:30]} 25. Kb1 {[%emt 0:00:30]} e5 {[%emt 0:07:30]} 26. h3 {[%emt 0:01:30]} Bxd2 {[%emt 0:05:30]} 27. Qd5+ {[%emt 0:01:30]} Be6 {[%emt 0:01:30]} 28. Qxd2 {[%emt 0:01:30]} e4 {[%emt 0:00:00]} 0-1

[Event "22nd ECCC Women 2017"]
[Site "Antalya"]
[Date "2017.10.14"]
[Round "7"]
[White "Celik, Eda"]
[Black "Isgandarova, Khayala"]
[Result "0-1"]
[WhiteElo "1880"]
[BlackElo "2242"]
[Annotator "NA"]
[PlyCount "72"]
[EventType "team-tourn"]
[EventCountry "TUR"]
[SourceTitle "playchess.com"]
[Source "ChessBase"]
[SourceQuality "1"]
[WhiteTeam "Aegean"]
[BlackTeam "Anatolia"]
[TimeControl "40/5400+30:1800+30"]

1. e4 {[%emt 0:00:30]} c6 {[%emt 0:01:00]} 2. d4 {[%emt 0:00:30]} d5 {[%emt 0:00:00]} 3. Nc3 {[%emt 0:00:00]} dxe4 {[%emt 0:00:00]} 4. Nxe4 {[%emt 0:00:00]} Nf6 {[%emt 0:00:00]} 5. Nxf6+ {[%emt 0:00:00]} gxf6 {[%emt 0:00:00]} 6. c3 {[%emt 0:00:00]} Bf5 {[%emt 0:00:30]} 7. Nf3 {[%emt 0:01:30]} Qc7 {[%emt 0:00:30]} 8. g3 {[%emt 0:02:30]} Nd7 {[%emt 0:01:30]} 9. Bg2 {[%emt 0:02:30]} O-O-O {[%emt 0:02:30]} 10. Nh4 {[%emt 0:01:30]} Bg6 {[%emt 0:03:30]} 11. Nxg6 {[%emt 0:00:30]} hxg6 {[%emt 0:00:30]} 12. Be3 {[%emt 0:12:30]} Nb6 {[%emt 0:03:30]} 13. Qe2 {[%emt 0:04:30]} e6 {[%emt 0:08:30]} 14. O-O {[%emt 0:08:30]} Nd5 {[%emt 0:06:30]} 15. c4 {[%emt 0:13:30]} Nxe3 {[%emt 0:01:30]} 16. Qxe3 {[%emt 0:00:30]} c5 {[%emt 0:06:30]} 17. d5 {[%emt 0:03:30]} exd5 {[%emt 0:06:30]} 18. Bxd5 {[%emt 0:02:30]} Bd6 {[%emt 0:00:30]} 19. b4 {[%emt 0:22:30]} Rh5 {[%emt 0:08:30]} 20. b5 {[%emt 0:07:43]} Rdh8 {[%emt 0:02:30]} 21. h4 {[%emt 0:00:49]} g5 {[%emt 0:01:30]} 22. Bf3 {[%emt 0:04:31]} R5h6 {[%emt 0:00:30]} 23. Bg4+ {[%emt 0:00:35]} Kb8 {[%emt 0:00:30]} 24. Rae1 {[%emt 0:07:29]} Be5 {[%emt 0:06:30]} 25. hxg5 {[%emt 0:00:54]} fxg5 {[%emt 0:03:30]} 26. Qxe5 {[%emt 0:00:30]} Rh1+ {[%emt 0:00:30]} 27. Kg2 {[%emt 0:00:30]} R8h2+ {[%emt 0:00:30]} 28. Kf3 {[%emt 0:02:00]} Qxe5 {[%emt 0:03:30]} 29. Rxe5 {[%emt 0:00:02]} Rxf1 {[%emt 0:00:00]} 30. Rxc5 {[%emt 0:01:21]} Rhxf2+ {[%emt 0:01:00]} 31. Ke3 {[%emt 0:00:57]} f5 {[%emt 0:01:30]} 32. Be2 {[%emt 0:00:35]} f4+ {[%emt 0:00:30]} 33. gxf4 {[%emt 0:00:04]} gxf4+ {[%emt 0:00:00]} 34. Kd3 {[%emt 0:00:30]} Re1 {[%emt 0:00:00]} 35. Bg4 {[%emt 0:00:47]} Re3+ {[%emt 0:00:00]} 36. Kd4 {[%emt 0:00:26]} Rd2# {[%emt 0:00:00]} 0-1

[Event "22nd ECCC Women 2017"]
[Site "Antalya"]
[Date "2017.10.14"]
[Round "7"]
[White "Can, Isil"]
[Black "Girya, Olga"]
[Result "0-1"]
[WhiteElo "1791"]
[BlackElo "2505"]
[Annotator "TA"]
[PlyCount "64"]
[EventType "team-tourn"]
[EventCountry "TUR"]
[SourceTitle "playchess.com"]
[Source "ChessBase"]
[SourceQuality "1"]
[WhiteTeam "Mediterranean"]
[BlackTeam "UGRA"]

{[%evp 12,64,36,18,20,-4,-10,-58,-44,-43,-54,-48,-41,-58,-41,-53,-46,-44,-45,-58,-25,-26,-23,-22,-38,-127,-129,-264,-266,-275,-267,-243,-266,-271,-258,-272,-279,-366,-369,-370,-315,-304,-324,-283,-283,-479,-319,-458,-470,-468,-461,-29984,-1163,-29985,-29986]} 1. e4 c6 2. d4 d5 3. exd5 cxd5 4. Bd3 Nc6 5. c3 Nf6 6. Bf4 Bg4 7. Qb3 {LiveBook: 580 Games} e5 {B13: Caro-Kann: Exchange Variation and Panov-Botvinnik Attack} (7... Qc8 8. Nd2 e6 9. Ngf3 Be7 10. O-O Bh5 11. Rae1 Bg6 12. Bxg6 hxg6 13. h4 a6 14. c4 a5 15. a3 a4 16. Qd3 O-O 17. c5 b6 18. cxb6 Qb7 19. Bc7 Nd7 20. Rc1 Rfc8 {0-1 (71) Kramnik,V (2803)-Ivanchuk,V (2728) Tbilisi 2017}) 8. Bxe5 Qe7 9. f3 $146 ({Predecessor:} 9. Ne2 Bxe2 10. Bxe2 Nxe5 11. dxe5 Qxe5 12. Qb5+ Nd7 13. Nd2 O-O-O 14. Nf3 Qe4 15. O-O {0-1 (60) Jonsson,M (2284)-Henriksson,J (2252) Vaxjo 2016}) 9... Nxe5 {Black is slightly better.} 10. dxe5 Qxe5+ 11. Ne2 Bd7 12. Nd2 Bc5 {And now ...Qe3 would win.} 13. O-O-O O-O $36 {[%mdl 2048] Black has some pressure.} 14. Qc2 b5 15. Nb3 Be3+ 16. Kb1 a5 {[%cal Ba7a5,Ba5a4][%mdl 32]} 17. Ned4 b4 {...bxc3 is the strong threat.} 18. cxb4 {[#]} (18. Rhe1 $15) 18... a4 $1 $17 {[%cal Ra4b3]} ({Of course not} 18... Bxd4 $6 19. Nxd4 axb4 20. Qd2 $11) 19. f4 (19. Nc5 $17 Bxd4 {[#]} 20. Bxh7+ $1 {[%mdl 512]} Kh8 21. Rhe1) 19... Qd6 $19 ({Weaker is} 19... axb3 20. fxe5 bxc2+ 21. Nxc2 $11) ({But not} 19... Qxf4 20. Nc5 $19) 20. Nc5 Bxd4 21. Bxh7+ Nxh7 22. Rxd4 Nf6 23. a3 Rfe8 24. Rhd1 Bg4 25. R1d2 Re1+ 26. Ka2 g6 27. h3 Bf5 28. Qc3 $2 (28. Nd3) 28... Bb1+ 29. Ka1 Ne4 30. Nxe4 {aiming for Re2.} Bxe4+ 31. Ka2 (31. Rd1 $19 Rxd1+ 32. Rxd1) 31... Bb1+ 32. Ka1 Bc2+ {Precision: White = 42%, Black = 92%.} 0-1